| 000 | 00980cam a22002531 4500 | ||
|---|---|---|---|
| 001 | l 41000120 | ||
| 003 | DLC | ||
| 005 | 20260227111537.0 | ||
| 008 | 921026s1941 dcua f000 0 eng c | ||
| 010 | _al 41000120 | ||
| 035 | _a(OCoLC)26861142 | ||
| 040 |
_aU.S. Dept. of Labor. Library _cCLU _dCLU _dDLC |
||
| 042 | _apremarc | ||
| 050 | 0 | 0 |
_aHD6093 _b.A355 no. 3 |
| 100 | 1 |
_aMettert, Margaret Jane Thompson, _d1907- |
|
| 245 | 0 | 0 | _aSafety clothing for women in industry ... |
| 260 |
_aWashington, _bU.S. Govt. Print. Off., _c1941. |
||
| 300 |
_aiii, [1] 11 p. _billus. _c23 cm. |
||
| 410 | 1 | 0 |
_aUnited States. _bWomen's Bureau. _tSpecial bulletin _vno. 3 |
| 500 | _aAt head of title United States Dept. of Labor, Frances Perkins, secretary. Women's Bureau, Mary Anderson, director. | ||
| 500 | _a"The research and the writing of this report are the work of Margaret T. Mettert."--Letter of transmittal. | ||
| 650 | 0 | _aProtective clothing. | |
| 650 | 0 |
_aWomen _xEmployment. |
|
| 999 |
_c36372 _d36372 |
||